000 00668cam a22002531 4500
001 sa 68005266
003 DLC
005 20260227112507.0
008 940927s1967 ii bd 000 0 kano
010 _asa 68005266
025 _aPL480:I-Kan-1021
035 _a(OCoLC)31187203
040 _aDLC
_cCU
_dCU
_dDLC
042 _apremarc
050 0 0 _aPL4651
_b.C3
100 1 _aCaḍaga, Sūryanārāyaṇa.
245 1 0 _aDakṣiṇa Kannaḍada barahagāraru.
260 _c[1967]
300 _a203, [1] p.
_c23 cm.
500 _aIn Kannada.
504 _aBibliography: p. [204]
650 0 _aAuthors, Kannada
_vDictionaries.
650 0 _aKannada literature.
999 _c80618
_d80618